Guia d'estiu : Alt Penedès, Garraf : 1986 / SIAJ, Servei d'Informació i Assessorament per a Joves, Alt Penedès-Garraf Alt Penedès, Garraf :
Descripción Física:
[22] p. : il. ; 21 cm
MARC
| LEADER | 00000nam a2200000Ia 4500 | ||
|---|---|---|---|
| 001 | 19539 | ||
| 008 | 160829s1986 xx 000 0 cat d | ||
| 080 | |a FU-8-19 | ||
| 100 | |a SIAJ Alt Penedès-Garraf |9 39365 | ||
| 245 | |a Guia d'estiu : |b Alt Penedès, Garraf : |b 1986 / SIAJ, Servei d'Informació i Assessorament per a Joves, Alt Penedès-Garraf | ||
| 260 | |a Barcelona : |b Diputació de Barcelona. Servei de Joventut, |c 1986 | ||
| 300 | |a [22] p. : |b il. ; |c 21 cm | ||
| 650 | 0 | |a Alt Penedès |x Guies |9 36718 | |
| 650 | |a Cursos d'estiu |x Alt Penedès I |9 43768 | ||
| 650 | |a Cursos d'estiu |x Garraf |9 43769 | ||
| 651 | 0 | |a Garraf (Catalunya : Massís) |v Guies |9 54346 | |
| 710 | 1 | |a Barcelona (Catalunya : Província). |b Servei de Joventut |9 54681 | |
| 901 | |a Arxiu | ||
| 942 | |n 1 | ||
| 952 | |0 0 |1 0 |4 0 |6 FU819 |7 1 |9 51613 |a Arxiu |b Arxiu |d 2016-12-01 |l 0 |o FU-8-19 |p 19539 |r 2016-12-01 00:00:00 |w 2016-12-01 |y ARXIU | ||
| 999 | |c 55458 |d 55458 | ||